Diseño de un sistema dual de tratamiento de agua marina por desalinización para su implementación de Playa Potrero
Uloženo v:
| Hlavní autor: | |
|---|---|
| Další autoři: | , , |
| Médium: | Kniha |
| Jazyk: | Spanish |
| Vydáno: |
[San José , Costa Rica]
2018
|
| Témata: | |
| Tagy: |
Přidat tag
Žádné tagy, Buďte první, kdo vytvoří štítek k tomuto záznamu!
|
MARC
| LEADER | 00000nam a22000007a 4500 | ||
|---|---|---|---|
| 003 | 012903 | ||
| 005 | 20230612151834.0 | ||
| 008 | 180830b2018 cr a|||| m||| 00| ||spa d | ||
| 040 | |c cru CEDI | ||
| 100 | |9 672 |a De la Rocha Salas, Carlos Alberto, 1994- | ||
| 245 | |a Diseño de un sistema dual de tratamiento de agua marina por desalinización para su implementación de Playa Potrero | ||
| 260 | |a [San José , Costa Rica] |c 2018 | ||
| 300 | |a xxi, 387 hojas :ilustraciones a color | ||
| 500 | |a Proyecto de graduación (licenciatura en ingeniería mecánica)--Universidad de Costa Rica. Facultad de Ingeniería. Escuela de Ingeniería Mecánica | ||
| 501 | |a Director de Proyecto de Graduación: Mag. Sergio Ferreto Brenes | ||
| 650 | |x CONVERSION DE AGUAS SALINAS |x TRATAMIENTO DEL AGUA - DISEÑO |x OSMOSIS INVERSA |x AGUA DE MAR |9 13431 | ||
| 700 | |9 673 |a Mayer Weisleder, Daniel, 1993- | ||
| 700 | |9 674 |a Vargas Chacón, Gabriel Alberto, 1993- | ||
| 700 | |9 206 |a Ferreto Brenes, Sergio Ademar, 1976- |d Director del TFG | ||
| 942 | |c CEDI |h TFG 8054 |6 TFG_8054_000000000000000 | ||
| 999 | |c 20558 |d 20558 | ||
